| 000 | 00996nam a2200253 4500 | ||
|---|---|---|---|
| 001 | 178181 | ||
| 003 | ES-MaACL | ||
| 005 | 20230905121034.0 | ||
| 008 | 110520s2009 sp |||| | spa d | ||
| 020 | _a978-84-9742-955-9 | ||
| 080 | _a821.134.2(7/8)-31.09 | ||
| 100 | 1 |
_aGoic, Cedomil. _957605 |
|
| 245 | 1 | 0 |
_aBrevísima relación de la historia de la novela hispanoamericana / _cCedomil Goic. |
| 260 |
_aMadrid : _bBiblioteca Nueva, _c[2009] |
||
| 300 |
_a109 p. ; _c21 cm. |
||
| 490 | 1 |
_aRepertorio americano ; _v1 |
|
| 505 | 8 |
_aContiene: ; _tNovela renacentista y barroca ; _tNovela moderna ; _tNovela contemporánea ; _tInfrarrealismo. Novela actual (1980-2008) |
|
| 650 | 7 |
_aNovela hispanoamericana- _xHistoria y crítica. _915620 |
|
| 830 | 0 |
_aRepertorio americano ; _v1 _9190809 |
|
| 852 |
_aES-MaACL _9185040 _bR.145543 _jA-11224 _cDEPO1 _dOlim: N-4228 _xDonación: Editorial |
||
| 942 |
_2udc _cMONOGRAFIA |
||
| 999 |
_c178181 _d178181 |
||